000 01211pam a2200361 a 4500
003 EG-GICUC
005 20260224102622.0
008 960307s1996 ne frb 001 0 eng d
020 _a9041102337
_qhb : alk. paper
020 _a9789041102331
_q(hb : alk. paper)
040 _aDLC
_cDLC
_dDLC
_dEG-GICUC
_beng
_erda
041 1 _aeng
_hita
050 0 0 _aJX1977
_b.C61513 1996
082 0 0 _a341.23
_221
092 0 4 _221
099 _aLaw 11 1996
100 1 _aConforti, Benedetto.
240 1 0 _aNazioni Unite.
_lEnglish
245 1 4 _aThe law and practice of the United Nations /
_cby Benedetto Conforti.
264 _aThe Hague ;
_aBoston :
_bKluwer Law International,
_c1996.
300 _axvi, 310 pages ;
_c25 cm.
336 _atext
_2rdacontent
337 _aComputer
_2rdamedia
338 _aOnline Resource
_2rdacarrier
490 1 _aLegal aspects of international organization ;
_vv. 30
504 _aIncludes bibliographical references and index.
610 2 0 _aUnited Nations.
650 1 _aInternational law
830 0 _aLegal aspects of international organization ;
_v30.
856 4 0 _uhttps://fll.law.cu.edu.eg/fulltext/bks/ENGB11-00155.pdf
905 _a10
942 _2ddc
_cBK
_e21
_n0
999 _c63540
_d63540